EA FC26 All Gold Brazil Players - Statistics

General Stats
  • This quiz has been taken 59 times
  • The average score is 37 of 90
Answer Stats
Rate Club Answer % Correct
89 Liverpool Alisson
100%
89 Real Madrid Vinicius Jr
100%
87 PSG Marquinhos
98%
85 Real Madrid Rodrygo
98%
86 Newcastle Bruno Guimaraes
96%
88 Arsenal Gabriel
96%
89 Barcelona Raphinha
96%
85 Fenerbahce Ederson
91%
82 Atalanta Ederson
91%
81 Arsenal Gabriel Martinelli
89%
84 Real Madrid Eder Militao
87%
81 Real Betis Antony
84%
85 Juventus Bremer
84%
80 Arsenal Gabriel Jesus
84%
77 Nottingham Igor Jesus
84%
82 Newcastle Joelinton
84%
80 Man United Casemiro
82%
83 Man United Matheus Cunha
80%
82 Man City Savinho
80%
83 Nottingham Murillo
71%
77 Real Madrid Endrick
69%
82 Al Ittihad Fabinho
69%
78 Spurs Richarlison
69%
79 Brighton Joao Pedro
64%
78 Chelsea Estevao
60%
81 Inter Carlos Augusto
58%
80 Nottingham Douglas Luiz
58%
80 Bournemouth Evanilson
58%
77 Villarreal Luiz Junior
58%
80 West Ham Lucas Paqueta
56%
78 PSG Lucas Beraldo
53%
80 Fenerbahce Fred
51%
80 Chelsea Andrey Santos
49%
75 Brentford Igor Thiago
49%
78 Wolves Joao Gomes
49%
77 Monaco Caio Henrique
47%
78 Inter Luis Henrique
47%
82 Al Hilal Malcom
42%
77 Dortmund Yan Couto
42%
81 Fenerbahce Anderson Talisca
40%
76 West Ham Igor
40%
81 Napoli David Neres
38%
82 Al Ahli Roger Ibanez
36%
78 Wolves Andre
33%
78 Nice Dante
33%
81 Leeds Lucas Perri
33%
75 Paris FC Otavio
31%
77 Monaco Vanderson
31%
80 Marseille Igor Paixao
29%
80 Al Nassr Bento
27%
81 Al Ahli Galeno
27%
78 Como Diego Carlos
24%
80 Lille Alexsandro
22%
78 Fiorentina Dodo
22%
80 Galatasaray Gabriel Sara
22%
79 Al Hilal Marcos Leonardo
22%
76 Nottingham Morato
22%
78 FC Porto Pepe
20%
75 Fulham Rodrigo Muniz
20%
76 Fulham Kevin
18%
77 Besiktas Gabriel Paulista
16%
77 Sporting Matheus Reis
16%
77 AS Roma Wesley
16%
79 PSV Mauro Junior
13%
78 Real Betis Natan
13%
78 Al Hilal Renan Lodi
13%
77 Panathinaikos Tete
13%
76 Wolfsburg Vini Souza
13%
78 Olympiacos Gabriel Strefezza
11%
75 Sevilla Marcao
11%
79 Olypmiacos Rodinei
11%
76 Leipzig Romulo
11%
75 Chengdu Romulo
11%
75 PAOK Taison
11%
79 Cincinnati Evander
9%
75 Hoffenheim Bernardo
7%
76 LA Galaxy Gabriel Pec
7%
75 Parma Hernani
7%
75 Pohang Steelers Oberdan
7%
75 Alanyaspor Paulo Victor
7%
76 Fenerbahce Rodrigo Becao
7%
75 FC Seoul Anderson Oliveira
4%
76 Al Taawoun Andrei Girotto
4%
75 Gil Vicente Andrew
4%
75 Henan FC Bruno Nazario
4%
75 Rio Ave Clayton
4%
75 Shandong Taishan Cryzan
4%
76 Konyaspor Guilherme Sitya
4%
75 Basaksehir Leo Duarte
4%
75 Nacional Lucas Franca
4%
No matching quizzes found
Score Distribution
Percent of People with Each Score
Percentile by Number Answered
Your Score History
You have not taken this quiz